Arquitetura do planejamento sucessório / (Record no. 224)

MARC details
000 -LÍDER
Campo Fixo de Controle 01026cam a2200277 a 4500
001 - NÚMERO DE CONTROLE
Campo de Controle 224
003 - IDENTIFICAÇÃO DO NÚMERO DE CONTROLE
Campo de Controle BR-CuiBMT
005 - DATA E HORA DA ÚLTIMA ATUALIZAÇÃO
Campo de Controle 20231116205329.0
008 - DADOS FIXOS
Dados Fixos 230831s2022 mgba 000 0 por d
020 ## - INTERNATIONAL STANDARD BOOK NUMBER
Nº do ISBN 9786555184594
040 ## - AGÊNCIA CATALOGADORA
Código da Agência Catalogadora BR-CuiBMT
Agência que transcreveu o registro BR-CuiBMT
080 ## - Nº DA CLASSIFICAÇÃO DECIMAL UNIVERSAL
Nº Class. CDU 347.65/.68
Nº edição CDU 2007
Subd. Auxiliar Comum -047.74
090 ## - NÚMERO DE CHAMADA
Nº classificação 347.65/.68-047.74
Cutter A772
245 00 - TÍTULO PRINCIPAL
Título principal Arquitetura do planejamento sucessório /
Indicação de responsabilidade Daniele Chaves Teixeira, coordenadora ; prefácio Giselda Maria Fernandes Novaes Hironaka ; [autores Adriano Marteleto Godinho ... et al.]
250 ## - EDIÇÃO
Edição 3. ed., rev., ampl. e atual.
260 ## - PUBLICAÇÃO, DISTRIBUIÇÃO, ETC.
Local de publicação Belo Horizonte :
Editora Fórum,
Data c2022.
300 ## - DESCRIÇÃO FÍSICA
N. páginas ou volumes v. 3 :
Ilustrações il. ;
Dimensões 24 cm
504 ## - NOTA DE BIBLIOGRAFIA, ETC.
Nota de bibliografia Inclui bibliografia.
590 ## - NOTA LOCAL
Nota local A biblioteca possui a 1. reimpr. 2023.
650 ## - ASSUNTO TÓPICO
Cabeçalho tópico ou nome geográfico Direito de família
Subdivisão geral Critérios para partilha
650 ## - ASSUNTO TÓPICO
Cabeçalho tópico ou nome geográfico Direito sucessório
Subdivisão geral Planejamento
650 ## - ASSUNTO TÓPICO
Cabeçalho tópico ou nome geográfico Patrimônio imobiliário
Subdivisão geral Partilha
650 ## - ASSUNTO TÓPICO
Cabeçalho tópico ou nome geográfico Direito sucessório
700 ## - ENTRADA SECUNDÁRIA -- NOME PESSOAL
Nome pessoal Godinho, Adriano Marteleto
Cód. do termo explicativo et al.
-- autores
942 ## - ELEMENTOS DE ENTRADA ADICIONAIS (KOHA)
Fonte de classificação ou esquema de arquivamento Classificação Decimal Universal
Tipo de item do Koha Livros
Holdings
Estado: removido Estado: perdido Fonte de classificação ou esquema de arquivamento Estado: danificado Indisponível para empréstimo Localização permanente Localização atual Data de aquisição Numeração serial ou cronológica (Volume) Total Checkouts Número de Chamada completo Código de barras Date last seen Número do exemplar Preço efetivo a partir de Tipo de item (Koha) Nota pública
    Classificação Decimal Universal     Biblioteca da Escola Superior de Contas do TCE/MT Biblioteca da Escola Superior de Contas do TCE/MT 28/06/2023 v. 1   347.65/.68-047.74 A772 3. ed. BIBTCEMT23080203 31/08/2023 Ex. 1 31/08/2023 Livros 1. reimpr. 2023

Powered by Koha